| 000 | 00516nam a22001577a 4500 | ||
|---|---|---|---|
| 003 | OSt | ||
| 008 | 220617b |||||||| |||| 00| 0 eng d | ||
| 020 | _a9789389547924 | ||
| 082 |
_a630.006 _bRAJ/AR |
||
| 100 |
_aRajesh Singh _95206 |
||
| 245 | _aArtificial intelligence in agriculture | ||
| 260 |
_aNew Delhi _bNew India Publishing Agency _c2021 |
||
| 300 | _a176 | ||
| 505 | _a Artificial intelligence -- Agricultural applications. Intelligence artificielle -- Applications agricoles. | ||
| 942 | _cBK | ||
| 999 |
_c17520 _d17520 |
||